000
00315nam a2200121 a 4500
005
20140414131920.0
008
101022s19uu xx 00 eng d
050
_a
ER
_b
W72 1993
100
_a
Milne, A. A.
245
_a
Pooh goes visiting.
260
_a
New York :
_b
Dutton Children's Book,
_c
1993.
999
_c
111702
_d
111702